000 01014nam a22003257a 4500
001 BR2016003470
003 BR-BrBNA
005 20230928104937.0
007 ta
008 230509b bl.||||| |||| 00| 0 por d
040 _aBR-BrBNA
_bpor
_cBiblioteca Nacional de Agricultura
041 _a(Por)
072 _aE16
_b5214
_b9410
090 _ 5214 BR2016003470
100 1 _aRamos, M.C.
110 1 _aUniversidade Federal de Lavras, MG (Brasil)
_0Tese (doutorado)
245 1 _aAnállise da viabilidade econômica na produção de leite em sistemas de confinamento free-stall
260 3 _aLavras, MG (Brasil):
_c2015.
300 _a151 p.
500 _aSummaries (Eng, Por); Several bibliography; 10 illus.; 16 tables
650 _aGADO LEITEIRO
650 _aCONFINAMENTO
650 _aPRODUÇÃO LEITEIRA
650 _aPLANEJAMENTO OPERACIONAL
650 _aANÁLISE ECONÔMICA
650 _aPROJETO PECUÁRIO
650 _aZOOTECNIA
909 _a202309
_bLucia
_c55
_dLucia Elande
942 _cBK
999 _c82567
_d82567